Crisis, dependencia y contradicciones de la psicología en América Latina
Salvato in:
| Enti autori: | , |
|---|---|
| Natura: | testo |
| Pubblicazione: |
San José :
|
| Tags: |
Aggiungi Tag
Nessun Tag, puoi essere il primo ad aggiungerne!!
|
MARC
| LEADER | 00000 a a2200000 04500 | ||
|---|---|---|---|
| 001 | 15936 | ||
| 003 | |||
| 040 | |||
| 090 | |a 016300 | ||
| 110 | |a UNA. Departamento de Psicología | ||
| 245 | |a Crisis, dependencia y contradicciones de la psicología en América Latina |a UNA. Departamento de Psicología | ||
| 260 | |a San José : | ||
| 300 | |a 26 p. | ||
| 710 | |a Escuela de Psicología | ||
| 999 | |c 16742 |d 16742 | ||
